| 000 | 01278nam a2200325 i 4500 | ||
|---|---|---|---|
| 003 | EG-GICUC | ||
| 005 | 20260125111630.0 | ||
| 008 | 260125s1989 ua ||||fr|||| 00| 0 ara d | ||
| 017 | _a1989/1878 | ||
| 040 |
_a EG-GICUC _bara _c EG-GICUC _d EG-GICUC _erda |
||
| 041 | 0 | _aara | |
| 082 | 0 | 4 |
_a343.432 _bم ح . ح _221 |
| 092 | 0 | 4 | _221 |
| 099 | _aLaw1 10 343.432 م ح . ح 1989 1006307 | ||
| 100 | 0 |
_aمحمد علي الجمال. _eمؤلف. |
|
| 245 | 1 | 2 |
_aالحالة الخطرة ومواجهة القانون لها : _bالتشرد والاشتباه / _cلواء دكتور محمد علي الجمال. |
| 264 | 1 |
_aالجيزة، مصر : _bنيو أوفست للطباعة، _c1989. |
|
| 300 |
_a246 صفحة ؛ _c24 سم. _bإيضاحيات، صور، مثيليات ؛ |
||
| 336 |
_2rda content _atext |
||
| 337 |
_2rda media _aComputer |
||
| 338 |
_2rda carrier _aOnline Resource |
||
| 504 | _aيشتمل على ارجاعات ببليوجرافية. | ||
| 546 | _aالنص باللغة العربية | ||
| 650 | 1 | 4 |
_aالتشريع الخاص بالمرور. _2qrmak |
| 650 | 1 | 4 |
_aالقانون الجنائي. _2qrmak |
| 651 | 1 | _2qrmak | |
| 856 | 4 | 0 | _uhttps://fll.law.cu.edu.eg/fulltext/bks/B10-06307.pdf |
| 905 | _a18 | ||
| 942 |
_2ddc _cBK _e21 _n0 |
||
| 999 |
_c59216 _d59216 |
||